The Garden Discography - Statistics

General Stats
  • This quiz has been taken 48 times
    6 since last reset
  • The average score is 51 of 123
Answer Stats
Answer % Correct
Haha
100%
haha (2015)
100%
Horseshit on Route 66
100%
Horseshit on Route 66 (2022)
100%
Kiss My Super Bowl Ring
100%
Kiss My Super Bowl Ring (2020)
100%
Mirror Might Steal Your Charm (2018)
100%
Open Hearted
100%
Six Desperate Ballads (2024)
100%
U Want The Scoop?
100%
U Want The Scoop? (2017)
100%
AMPM Truck
75%
Ballet
75%
California Here We Go
75%
Call The Dogs Out
75%
Chainsaw the Door
75%
Clay
75%
Filthy Rabbit Hole
75%
Good News
75%
Have A Good Day Sir
75%
Hell Hole
75%
I'm A Woman
75%
Man Of The People
75%
No Destination
75%
OC93
75%
Orange County Punk Rock Legend
75%
The Life And Times Of A Paperclip
75%
The Life And Times Of A Paperclip (2013)
75%
The Nightmare
75%
This Could Build Us a Home
75%
Thy Mission
75%
Ugly
75%
All Access
50%
At the Campfire
50%
Aunt J
50%
Banana Peel
50%
Burger Records Tape (2012)
50%
Call This # Now
50%
Cells Stay Clean
50%
Cloak
50%
Crystal Clear
50%
Egg
50%
Freight Yard
50%
French Kiss the Abyss
50%
Gift
50%
Goose Egg
50%
Haunted House on Zillow
50%
Hit Eject
50%
Lowrider Slug
50%
Make Yer Mark
50%
Play Your Cards Right
50%
Please, Fuck Off
50%
Puerta de Limosina
50%
Red Green Yellow
50%
Shameless Shadow
50%
Sneaky Devil
50%
Stallion
50%
Stylish Spit
50%
Surprise
50%
The Apple
50%
Vada Vada
50%
Vexation
50%
Voodoo Luck
50%
We Be Grindin'
50%
What Else Could I be But a Jester
50%
Who Am I Going To Share All Of This Wine With?
50%
:(
25%
A Fool's Expedition
25%
All Smiles Over Here :)
25%
A Message For Myself
25%
A Struggle
25%
Circles
25%
Clench To Stay Awake
25%
Devour
25%
Estamos Aqui
25%
Everything Has a Face
25%
Everything Is Perfect
25%
Everything Is Perfect (2012)
25%
Express - Sector 28
25%
I Guess We'll Never Know
25%
Interrupt
25%
Jester's Game
25%
Lurkin'
25%
Make A Wish
25%
Rights
25%
Rules (2013)
25%
Squished Face Slick Pig Living in a Smokey City
25%
The Gorilla
25%
The King Of Cutting Corners
25%
There Is A Moth In Here
25%
The Sail Boat
25%
The Whale Shark
25%
X in the Dirt
25%
8 Foot Tall Man Walking Out Of The Forest
0%
Birds Nest
0%
Charlie
0%
Fix
0%
Get Me My Blade
0%
Go Outside And Play
0%
Grass
0%
Gumdrops
0%
I'll Stop By Tomorrow Night
0%
Life As A Hanger
0%
Make This A Challenge/ We Like You
0%
Mask
0%
Rainbow
0%
Roses
0%
Spirit Chant
0%
The Airport
0%
The Bridge
0%
The Castle
0%
The Crystals
0%
The Mantis
0%
The Plantation
0%
The Rocket
0%
The Tower
0%
The Tractor
0%
The Tunnel
0%
Together We are Great
0%
Trust
0%
What We Are
0%
No matching quizzes found
Score Distribution
Percent of People with Each Score
Percentile by Number Answered
Your Score History
You have not taken this quiz since the last reset